| 000 | 00633nas a2200217 a 4500 | ||
|---|---|---|---|
| 001 | 000016659 | ||
| 003 | DO-SdBNP | ||
| 005 | 20240906105355.0 | ||
| 008 | 100308c19979999dr br1p 0 0spa d | ||
| 040 |
_aDO-SdBNP _bSPA _cDO-SdBNP _erda |
||
| 041 | _hspa | ||
| 043 | _anwdr--- | ||
| 245 | 0 | 0 | _aBoletín portuario. |
| 260 |
_aSanto Domingo : _bAutoridad Portuaria Dominicana, _c1997-. |
||
| 300 |
_av. : _bil. ; _c28 cm. |
||
| 310 | _aBimensual | ||
| 362 | 0 | _aAño 1. No. 1 (ene. 1997-) | |
| 500 | _aTítulo tomado de la cubierta | ||
| 500 | _aÓrgano de información de la Autoridad Portuaria Dominicana | ||
| 942 |
_2ddc _cISSUE |
||
| 999 |
_c16192 _d16192 |
||